| 000 | 00601nam a2200169 i 4500 | ||
|---|---|---|---|
| 001 | 53965 | ||
| 003 | ES-MaACL | ||
| 005 | 20250907063043.0 | ||
| 007 | t| | ||
| 008 | 931025s1900 sp ||||1| spa d | ||
| 100 | 1 |
_aFernández Villaverde, Raimundo, _d1848-1905 _950163 |
|
| 245 | 1 | 0 |
_aUna campaña parlamentaria _b: discursos pronunciados por... Raymundo Fernández Villaverde, ministro de hacienda, sobre el presupuesto de 1900. |
| 260 |
_aMadrid : _b[s.n.], _c1900 ( _fEst. Tip. Suc.de Rivadeneyra) |
||
| 300 |
_a644 p. ; _c28 cm. |
||
| 852 |
_aES-MaACL _jG-5042 |
||
| 999 |
_c53965 _d53965 |
||